| 000 | 00602nam a2200229Ia 4500 | ||
|---|---|---|---|
| 003 | OSt | ||
| 005 | 20220924151528.0 | ||
| 006 | a|||||r|||| 00| 0 | ||
| 007 | ta | ||
| 008 | 220923b |||||||| |||| 00| 0 ara d | ||
| 024 | _a338084 | ||
| 037 | _cTextual | ||
| 040 |
_aARTS _cARTS _bara |
||
| 041 |
_2ara _aara |
||
| 082 | _aO28,3M83,1, N4 | ||
| 100 |
_aJibran Jibran Khaleel Au. _9173263 |
||
| 245 | 0 | _aDamat-o-wabtisamah | |
| 260 | _c1994 | ||
| 650 |
_aARABIC FICTION _964594 |
||
| 942 |
_hO28,3M83,1, N4 _cTEXL _2CC |
||
| 999 |
_c466884 _d466884 |
||